Felicitaciones a las autoridades
Colección:
San Jorge,
; núm. 9 (gener 1953), pàg 84
Materias:
Nadal -- Barcelona (Província)
Idioma:
Español
MARC
| LEADER | 00000naa a2200000 a 4500 | ||
|---|---|---|---|
| 003 | Arxiu | ||
| 005 | 20260324181040.0 | ||
| 008 | 160829s1953 spc xx s spa c | ||
| 040 | |a agdb | ||
| 245 | |a Felicitaciones a las autoridades | ||
| 490 | |a San Jorge, |v núm. 9 (gener 1953), pàg 84 | ||
| 650 | 0 | |a Nadal |9 54760 |z Barcelona (Província) | |
| 901 | |a Arxiu | ||
| 942 | |n 1 |2 udc |c ART | ||
| 952 | |0 0 |1 0 |4 0 |6 REV508 |7 1 |9 64356 |a Arxiu |b Arxiu |d 2022-11-24 |o Rev-508 |r 2022-11-24 00:00:00 |w 2022-11-24 |y ARXIU |z També disponible a Rev-522 | ||
| 999 | |c 48868 |d 48868 | ||